|
|
|
|
| LEADER |
00000nem a2200000 a 4500 |
| 001 |
vtls001469048 |
| 003 |
SK-MaSNL |
| 005 |
20260426002929.0 |
| 007 |
aj cazzn |
| 008 |
160430s2003 xo ag a 0 slo |
| 015 |
|
|
|a SNBC2004/04-01804
|
| 020 |
|
|
|a 8080670811
|
| 035 |
|
|
|a SNK000424353
|
| 040 |
|
|
|a SNK
|b slo
|c SNK
|e AACR2
|
| 041 |
0 |
|
|a slo
|
| 043 |
|
|
|a e-xo---
|
| 044 |
|
|
|a xo
|c SK
|
| 072 |
|
7 |
|a 656.2
|x Železničná doprava
|2 konspekt
|
| 072 |
|
7 |
|a 912
|x Mapy. Atlasy
|2 konspekt
|
| 080 |
|
|
|a 656.2
|2 1981
|
| 080 |
|
|
|a 656.21
|2 1981
|
| 080 |
|
|
|a 913(437.6)
|2 1981
|
| 080 |
|
|
|a (084.3)656.2
|2 1981
|
| 245 |
0 |
0 |
|a Vlakom za krásami Slovenska
|h kartografický dokument
|b mapa železníc
|c zostavili: J. Lehotský ; foto D. Selecký, J. Lehocký ; ilustrácie D. Glosová ; mapy R. Čeman
|
| 246 |
3 |
1 |
|a Mit der Bahn die Schönheiten der Slowakei entdecken
|
| 246 |
3 |
1 |
|a By the train to the beauties od Slovakia
|
| 250 |
|
|
|a [1. vyd.]
|
| 255 |
|
|
|a Mierka 1:500 000
|
| 260 |
|
|
|a Bratislava
|b Mapa Slovakia
|c 2003
|
| 300 |
|
|
|a 1 mapa
|b fareb.
|c 48 x 95 cm, zložené na 24 x 12 cm
|
| 500 |
|
|
|a Na zadnej strane mapy sú mapy: Bratislavy (19 x 23 cm) ; Vysokých Tatier (13 x 35 cm) a mapa ŽSR (13 x 23 cm)
|
| 500 |
|
|
|a Vyd pre GR Železníc Slovenskej republiky
|
| 500 |
|
|
|a Obsahuje vysvet., text na zadnej strane
|
| 650 |
0 |
7 |
|a železničné trate
|2 SNKPH
|9 4210
|
| 650 |
0 |
7 |
|a železničná doprava
|2 SNKPH
|9 3185
|
| 651 |
|
7 |
|a Slovensko
|2 SNKPH
|9 14231
|
| 655 |
|
7 |
|a železničné mapy
|2 SNKPH
|9 426156
|
| 700 |
1 |
|
|a Lehotský, J
|4 com
|4 pht
|9 196538
|
| 700 |
1 |
|
|a Glosová, D.
|4 ill
|9 597985
|
| 700 |
1 |
|
|a Čeman, Róbert
|4 ctg
|9 43254
|
| 919 |
|
|
|a 80-8067-081-1
|
| 923 |
|
|
|a turistická
|b skladaná
|c pre verejnosť
|
| 999 |
|
|
|c 931055
|d 932985
|
| 952 |
|
|
|t P60, <03>, [BOOK], {603}
|a SNK
|b SNK
|y PREZ
|7 0
|p 17A0415702
|o snkOSC 22466
|i snkKSP 2625/2004
|0 0
|1 0
|4 0
|d 2004-02-23
|l 0
|r 2005-01-02 00:00:00
|w 2026-02-24
|
| 952 |
|
|
|t P60, <04>, [BOOK], {604}
|a SNK
|b SNK
|y VYP
|7 0
|p 17A0415701
|o snkOSC 22466 D1
|i snkKSP 2626/2004
|0 0
|1 0
|4 0
|d 2004-02-23
|l 0
|r 2005-01-02 00:00:00
|w 2026-02-24
|